[Event "Alekhine"]
[Site "Charlesbourg CAN"]
[Date "2010.09.13"]
[Round "2"]
[White "Perron, Jonathan"]
[Black "Lapierre, Gaetan"]
[Result "1-0"]
[WhiteElo "2055"]
[BlackElo "1949"]
[PlyCount "127"]
[EventDate "2010.09.06"]
[EventType "swiss"]
[EventRounds "5"]
[EventCountry "CAN"]

1. e4 e5 2. Nf3 Nc6 3. Bb5 f5 4. Nc3 fxe4 5. Nxe4 d5 6. Nxe5 dxe4 7. Nxc6 bxc6
8. Bxc6+ Bd7 9. Qh5+ Ke7 10. Qe5+ Be6 11. Bxa8 Qxa8 12. f4 Kd7 13. f5 Bf7 14.
O-O Nf6 15. Qg3 Bd6 16. Qg5 h5 17. d4 Ng4 18. Bf4 Be7 19. Qxg7 Qe8 20. Be5 Rg8
21. Qh7 Bg5 22. h3 Nxe5 23. dxe5 Kc8 24. e6 Be3+ 25. Kh1 Bg6 26. fxg6 Rxg6 27.
Qf7 Rxe6 28. Qxe8+ Rxe8 29. Rae1 Bd2 30. Re2 e3 31. Rf5 h4 32. Rf4 Rh8 33. Re4
Rf8 34. Kg1 Bc1 35. R4xe3 Bxe3+ 36. Rxe3 Rf4 37. g3 hxg3 38. Kg2 Rf2+ 39. Kxg3
Rxc2 40. Rb3 Kd7 41. a3 Ke6 42. Kf4 c5 43. Rb5 a6 44. Rb6+ Kd5 45. h4 c4 46. h5
Kc5 47. Rb8 Rh2 48. Kg5 Kd4 49. h6 Ke5 50. Kg6 Rg2+ 51. Kf7 Rh2 52. Rb6 Rf2+
53. Kg6 Rg2+ 54. Kh5 Kf5 55. Kh4 Kf4 56. Kh3 Rg3+ 57. Kh2 Rd3 58. h7 Rd2+ 59.
Kh3 Rd3+ 60. Kh4 Rd1 61. Rf6+ Ke5 62. Rf3 Ke4 63. h8=Q Rh1+ 64. Rh3 1-0

[Event "Alekhine"]
[Site "Charlesbourg CAN"]
[Date "2010.09.20"]
[Round "3"]
[White "Plante, Rejean"]
[Black "Lessard, Claude"]
[Result "0-1"]
[WhiteElo "2027"]
[BlackElo "1987"]
[PlyCount "58"]
[EventDate "2010.09.06"]
[EventType "swiss"]
[EventRounds "5"]
[EventCountry "CAN"]

1. e4 c6 2. d4 d5 3. exd5 cxd5 4. Bd3 Nf6 5. c3 Nc6 6. Bf4 Bg4 7. Qb3 Qd7 8. h3
Bh5 9. Nd2 Bg6 10. Bxg6 hxg6 11. Ne2 e6 12. O-O Be7 13. Nf3 Ne4 14. Ne5 Nxe5
15. dxe5 g5 16. Be3 Bc5 17. Bxc5 Nxc5 18. Qd1 g4 19. hxg4 Qe7 20. f3 Qg5 21.
Qd4 Nd7 22. f4 Qxg4 23. Rae1 g6 24. Rf3 Qh4 25. Rd1 Qe7 26. Qa4 Kf8 27. c4 Nb6
28. Qb5 Nxc4 29. b3 a6 0-1

[Event "Alekhine"]
[Site "Charlesbourg CAN"]
[Date "2010.09.27"]
[Round "4"]
[White "Lessard, Claude"]
[Black "Perron, Jonathan"]
[Result "1-0"]
[WhiteElo "2027"]
[BlackElo "2055"]
[PlyCount "99"]
[EventDate "2010.09.06"]
[EventType "swiss"]
[EventRounds "5"]
[EventCountry "CAN"]

1. d4 Nf6 2. c4 e6 3. Nf3 c5 4. e3 a6 5. Nc3 d5 6. cxd5 exd5 7. Be2 Nc6 8. O-O
Bd6 9. dxc5 Bxc5 10. a3 O-O 11. b4 Bb6 12. Bb2 Be6 13. Na4 Bc7 14. Nc5 b5 15.
Rc1 Ne7 16. Nd4 Qd6 17. Nf3 Ng4 18. g3 Ng6 19. Nxe6 fxe6 20. Nd4 N4e5 21. Rxc7
Qxc7 22. Nxe6 Qf7 23. Nxf8 Rxf8 24. Bd4 Nc4 25. a4 Nge5 26. axb5 axb5 27. f4
Nc6 28. Bc5 Rd8 29. Bf3 Qe6 30. Re1 h6 31. Qa1 Nd2 32. Bg2 Qg4 33. Qd1 Qxd1 34.
Rxd1 Ne4 35. Kf1 Kf7 36. Rxd5 Rxd5 37. Bxe4 Ke6 38. Bxd5+ Kxd5 39. Bf8 g6 40.
g4 h5 41. gxh5 gxh5 42. Kf2 Ke4 43. Bc5 Nd8 44. Kg3 Ne6 45. Bb6 Ng7 46. Kh4 Kf5
47. h3 Kg6 48. e4 Ne8 49. f5+ Kf7 50. e5 1-0

[Event "Annex CC Harrington mem 2010-11"]
[Site "Toronto CAN"]
[Date "2011.01.03"]
[Round "3"]
[White "Abrahams, Daniel"]
[Black "Zhou, Qiyu"]
[Result "1-0"]
[WhiteElo "2164"]
[BlackElo "1619"]
[PlyCount "65"]
[EventDate "2010.12.13"]
[EventType "tourn"]
[EventRounds "5"]
[EventCountry "CAN"]

1. e4 c5 2. Nf3 d6 3. d4 cxd4 4. Nxd4 Nf6 5. Nc3 g6 6. g3 Bg7 7. Bg2 O-O 8. O-O
Bd7 9. h3 Nc6 10. Nde2 a6 11. a4 Qc8 12. Kh2 Qc7 13. Nd5 Nxd5 14. exd5 Ne5 15.
Nd4 b5 16. axb5 axb5 17. Rxa8 Rxa8 18. c3 Qb7 19. Re1 Bf8 20. b3 Be8 21. Qe2 b4
22. c4 Rc8 23. Bd2 Qb6 24. Be3 Qa5 25. f4 Nd7 26. Nc6 Qa3 27. Bd4 Qxb3 28. Na5
Qa4 29. Ra1 Qxa1 30. Bxa1 Nc5 31. Qb2 f6 32. Qxb4 Bd7 33. Bd4 1-0

[Event "Annex CC Harrington mem 2010-11"]
[Site "Toronto CAN"]
[Date "2011.01.03"]
[Round "3"]
[White "Bellissimo, Joseph"]
[Black "Siddeley, Hugh"]
[Result "1/2-1/2"]
[WhiteElo "1918"]
[BlackElo "2016"]
[PlyCount "179"]
[EventDate "2010.12.13"]
[EventType "tourn"]
[EventRounds "5"]
[EventCountry "CAN"]

1. e4 g6 2. d4 d6 3. Nc3 c6 4. Be2 Bg7 5. f4 Qb6 6. Nf3 Bg4 7. e5 h5 8. h3 Bxf3
9. Bxf3 h4 10. Ne4 d5 11. Nc5 Na6 12. Nxa6 bxa6 13. c3 e6 14. Qb3 Nh6 15. Qxb6
axb6 16. Bg4 c5 17. Be3 Bf8 18. Ke2 Be7 19. Rac1 cxd4 20. Bxd4 b5 21. b3 Rc8
22. Kd3 Kd7 23. Rc2 Rc7 24. Rf1 Rhc8 25. Rff2 Ng8 26. b4 Bf8 27. a3 Bh6 28. Bc5
Rxc5 29. bxc5 Rxc5 30. Rb2 Kc7 31. a4 Ne7 32. axb5 axb5 33. Rb3 Nc6 34. Be2 Rc4
35. Rxb5 Bxf4 36. Kc2 Nd4+ 37. Kb2 Nxe2 38. Rxe2 Bg3 39. Rb4 Rc6 40. Kb3 Ra6
41. c4 dxc4+ 42. Rxc4+ Kb7 43. Rd2 Rb6+ 44. Rb4 Rxb4+ 45. Kxb4 Kc6 46. Rd6+ Kc7
47. Ra6 Bxe5 48. Ra7+ Kd6 49. Rxf7 g5 50. Kc4 Bb2 51. Rf3 Ke5 52. Rb3 Bc1 53.
Kd3 Kf4 54. Ke2 e5 55. Rb7 Kg3 56. Kf1 Be3 57. Rf7 e4 58. Re7 Kf4 59. Ke2 Bc1
60. Re8 Kg3 61. Kf1 Kf4 62. Rc8 Ba3 63. Kf2 Bd6 64. Rc4 Bb8 65. Rb4 Ba7+ 66.
Ke2 Bg1 67. Ra4 Bc5 68. Ra6 Be7 69. Rc6 Kg3 70. Kf1 Kf4 71. Kf2 Bd8 72. Rd6 Be7
73. Rc6 Bd8 74. Re6 Kf5 75. Rd6 Be7 76. Rd5+ Kf4 77. Rb5 Bf6 78. Rb7 Bd4+ 79.
Ke2 Kg3 80. Kf1 Kf4 81. Rf7+ Ke5 82. Ke2 Bg1 83. Re7+ Kf4 84. Rf7+ Ke5 85. Kf1
Bd4 86. Ke2 Bg1 87. Rf1 Bh2 88. Rf8 Bf4 89. Re8+ Kf5 90. Rf8+ 1/2-1/2

[Event "Annex CC Harrington mem 2010-11"]
[Site "Toronto CAN"]
[Date "2011.01.03"]
[Round "3"]
[White "Campbell, Brett"]
[Black "Zotkin, Daniel"]
[Result "1/2-1/2"]
[WhiteElo "2250"]
[BlackElo "1698"]
[PlyCount "101"]
[EventDate "2010.12.13"]
[EventType "tourn"]
[EventRounds "5"]
[EventCountry "CAN"]

1. Nf3 Nf6 2. g3 e6 3. Bg2 d5 4. O-O Be7 5. d3 O-O 6. Nbd2 c5 7. e4 Nc6 8. Re1
Qc7 9. c3 b5 10. Nf1 dxe4 11. dxe4 Rd8 12. Qc2 Bb7 13. Bf4 e5 14. Bg5 b4 15.
Bxf6 Bxf6 16. Ne3 bxc3 17. bxc3 Ne7 18. c4 Rd6 19. Rad1 Rad8 20. Nd5 Bxd5 21.
exd5 Rb6 22. Rb1 Rdb8 23. Rb3 g6 24. Rxb6 axb6 25. Qe4 Nf5 26. Nxe5 Re8 27. f4
Bg7 28. d6 Nxd6 29. Qc6 Qxc6 30. Bxc6 Re7 31. Bd5 Ra7 32. Re2 Re7 33. Kf2 Kf8
34. g4 Ke8 35. Rb2 Bxe5 36. fxe5 Rxe5 37. Rxb6 Ne4+ 38. Kf3 Nc3 39. Rb8+ Ke7
40. Rb7+ Kd6 41. Bxf7 Nxa2 42. Bg8 h5 43. Rb6+ Ke7 44. Rxg6 hxg4+ 45. Kxg4 Re4+
46. Kg5 Re5+ 47. Kf4 Rh5 48. Kg3 Nb4 49. h4 Rh8 50. Rg5 Kf6 51. Bd5 1/2-1/2

[Event "Annex CC Harrington mem 2010-11"]
[Site "Toronto CAN"]
[Date "2011.01.10"]
[Round "4"]
[White "Abrahams, Daniel"]
[Black "Siddeley, Hugh"]
[Result "1-0"]
[WhiteElo "2164"]
[BlackElo "2016"]
[PlyCount "73"]
[EventDate "2010.12.13"]
[EventType "tourn"]
[EventRounds "5"]
[EventCountry "CAN"]

1. e4 c5 2. Nf3 Nc6 3. d4 cxd4 4. Nxd4 g6 5. g3 Bg7 6. Ne2 Nf6 7. Bg2 b5 8. O-O
Rb8 9. Nbc3 O-O 10. h3 d6 11. Nd5 Bb7 12. c3 Ba8 13. Bg5 e6 14. Nxf6+ Bxf6 15.
Bh6 Re8 16. Qd2 Qc7 17. Rad1 Red8 18. Qf4 Qe7 19. Qe3 b4 20. b3 bxc3 21. Nxc3
Nb4 22. Rd2 Rdc8 23. Nb1 Qc7 24. Qf4 Be5 25. Qh4 Qa5 26. f4 Bh8 27. Kh2 Nxa2
28. f5 exf5 29. Rxf5 Qa6 30. Rxf7 Kxf7 31. Rf2+ Kg8 32. Qe7 Be5 33. Rf6 Qb7 34.
Qe6+ Kh8 35. Rf7 Rc7 36. Rf2 Qxb3 37. Qxb3 1-0

[Event "Annex CC Harrington mem 2010-11"]
[Site "Toronto CAN"]
[Date "2011.01.10"]
[Round "4"]
[White "Zhou, Qiyu"]
[Black "Bellissimo, Joseph"]
[Result "0-1"]
[WhiteElo "1619"]
[BlackElo "1918"]
[PlyCount "130"]
[EventDate "2010.12.13"]
[EventType "tourn"]
[EventRounds "5"]
[EventCountry "CAN"]

1. e4 e5 2. Nf3 Nf6 3. Nxe5 d6 4. Nf3 Nxe4 5. d4 d5 6. Bd3 Bd6 7. O-O O-O 8. c4
c6 9. Re1 Re8 10. Qc2 f5 11. Bd2 Nd7 12. Nc3 Ndf6 13. h3 Be6 14. c5 Bc7 15. Ng5
Bd7 16. Ngxe4 fxe4 17. Be2 Bf5 18. Be3 Qd7 19. Bf1 Qf7 20. Ne2 Qg6 21. Kh1 Qh5
22. Ng3 Bxg3 23. fxg3 Ng4 24. Kg1 Nxe3 25. Rxe3 Qg5 26. Qe2 Re7 27. Re1 Rf8 28.
Qd2 Ref7 29. Qc3 Be6 30. R3e2 Rf5 31. g4 Rf4 32. Qd2 Qf6 33. Qd1 Rf2 34. Rxf2
Qxf2+ 35. Kh1 Qxb2 36. Re2 Qc3 37. Kg1 Rf6 38. Qd2 Qxd2 39. Rxd2 Rf4 40. g3 Rf3
41. Kg2 Ra3 42. Be2 Ra4 43. Kf2 Kf7 44. Rb2 Bc8 45. Ke3 Kf6 46. Bd1 Ra3+ 47.
Bb3 a5 48. Kf2 h5 49. gxh5 Bxh3 50. Bd1 Bc8 51. Be2 Kg5 52. Kg2 Ra4 53. Rd2 Bg4
54. Bxg4 Kxg4 55. Kf2 Kxh5 56. Rb2 Rb4 57. Rd2 Kg4 58. Kg2 a4 59. Re2 a3 60.
Kf2 Rb2 61. Ke3 Rxe2+ 62. Kxe2 Kxg3 63. Ke3 g5 64. Ke2 Kf4 65. Kf2 g4 0-1

[Event "Annex CC Holiday Swiss 2010-11"]
[Site "Toronto CAN"]
[Date "2010.12.13"]
[Round "1"]
[White "Siddeley, Hugh"]
[Black "Wiebe, Daniel"]
[Result "1-0"]
[WhiteElo "2056"]
[BlackElo "1810"]
[PlyCount "79"]
[EventDate "2010.12.13"]
[EventType "swiss"]
[EventRounds "5"]
[EventCountry "CAN"]

1. e4 c5 2. Nf3 d6 3. Bb5+ Bd7 4. Bxd7+ Qxd7 5. c4 Nc6 6. d4 cxd4 7. Nxd4 Nf6
8. Nc3 g6 9. f3 Bg7 10. Nde2 O-O 11. O-O Rfd8 12. Bg5 a6 13. a4 h6 14. Bh4 Ne5
15. b3 Nc6 16. Qd2 g5 17. Bf2 Nh5 18. Rab1 Nb4 19. Bb6 Rf8 20. g4 Nf6 21. Ng3
Qc6 22. a5 Nd7 23. Nf5 Rfe8 24. Be3 Nc5 25. Ne2 Ncd3 26. Bxg5 hxg5 27. Qxg5
Qc5+ 28. Kh1 Qe5 29. Qe3 Nc5 30. Neg3 e6 31. Nh6+ Kf8 32. Nh5 Bxh6 33. Qxh6+
Ke7 34. Qd2 Nc6 35. b4 Nd7 36. Rfd1 Nf6 37. Ng3 Rh8 38. f4 Rxh2+ 39. Qxh2 Qxf4
40. Nf5+ 1-0

[Event "Annex CC Holiday Swiss 2010-11"]
[Site "Toronto CAN"]
[Date "2010.12.13"]
[Round "1"]
[White "Ugodnikov, Arkadiy"]
[Black "Wolf, Jan-Lukas"]
[Result "1-0"]
[WhiteElo "1876"]
[BlackElo "1443"]
[PlyCount "45"]
[EventDate "2010.12.13"]
[EventType "swiss"]
[EventRounds "5"]
[EventCountry "CAN"]

1. e4 c6 2. d4 d5 3. f3 Nd7 4. Ne2 Nb6 5. Ng3 e6 6. Nc3 Bb4 7. Be2 h6 8. O-O
Qc7 9. Nh5 f6 10. exd5 Bxc3 11. bxc3 cxd5 12. Bf4 Qf7 13. Ng3 Bd7 14. Re1 Ne7
15. Bd3 g5 16. Bd6 Ng6 17. Nf5 Nc8 18. Ba3 Nge7 19. Bxe7 Nxe7 20. Nd6+ Kf8 21.
Nxf7 Kxf7 22. Rb1 Rab8 23. Bb5 1-0

[Event "Annex CC Holiday Swiss 2010-11"]
[Site "Toronto CAN"]
[Date "2010.12.13"]
[Round "1"]
[White "Wilker, Marcus"]
[Black "Fairbairn, Stephen"]
[Result "0-1"]
[WhiteElo "1793"]
[BlackElo "2026"]
[PlyCount "64"]
[EventDate "2010.12.13"]
[EventType "swiss"]
[EventRounds "5"]
[EventCountry "CAN"]

1. d4 d6 2. c4 g6 3. Nc3 Nc6 4. e4 e5 5. d5 Nce7 6. f3 Bg7 7. Be3 f5 8. Qd2 Nf6
9. O-O-O f4 10. Bf2 g5 11. h3 h5 12. c5 Ng6 13. cxd6 cxd6 14. Kb1 Bd7 15. Nb5
Bxb5 16. Bxb5+ Kf7 17. Ne2 a6 18. Bd3 Rc8 19. g3 Qd7 20. Nc1 fxg3 21. Bxg3 h4
22. Bf2 Nf4 23. Bf1 N6h5 24. Rg1 Bf6 25. Be3 Rhg8 26. Rg4 Ng3 27. Ne2 Nxf1 28.
Rxf1 Nxh3 29. Rh1 Nf4 30. Ng1 Rg7 31. Nh3 Qb5 32. Rhg1 Nxh3 0-1

[Event "Annex CC Holiday Swiss 2010-11"]
[Site "Toronto CAN"]
[Date "2011.01.10"]
[Round "3"]
[White "Abbarin, Shabnam"]
[Black "Palozzi, Sebastian"]
[Result "0-1"]
[WhiteElo "1595"]
[BlackElo "1527"]
[PlyCount "100"]
[EventDate "2010.12.13"]
[EventType "swiss"]
[EventRounds "5"]
[EventCountry "CAN"]

1. e4 Nf6 2. Nc3 d5 3. exd5 Nxd5 4. Nxd5 Qxd5 5. c4 Qa5 6. Be2 e5 7. Qc2 Nd7 8.
Nf3 g6 9. O-O Bg7 10. Re1 O-O 11. Bf1 Re8 12. d4 c6 13. Bf4 e4 14. Rxe4 Nf6 15.
Bd2 Qc7 16. Re3 Bf5 17. Bd3 Bxd3 18. Qxd3 Rad8 19. Rae1 Rxe3 20. Rxe3 Ng4 21.
Re4 f5 22. Bf4 Qb6 23. Re7 Bxd4 24. Bc7 Bxf2+ 25. Kf1 Rxd3 26. Bxb6 Bxb6 27. h3
Ne3+ 28. Ke2 Rd8 29. Rxe3 Bxe3 30. Kxe3 c5 31. Ng5 Re8+ 32. Kd3 a6 33. a3 b5
34. cxb5 axb5 35. b3 Rd8+ 36. Ke3 c4 37. bxc4 bxc4 38. Ne6 Re8 39. Kd4 Rxe6 40.
Kxc4 g5 41. a4 h5 42. a5 g4 43. hxg4 hxg4 44. Kb5 f4 45. a6 Re1 46. a7 Ra1 47.
Kb6 f3 48. gxf3 gxf3 49. Kb7 f2 50. a8=Q+ Rxa8 0-1

[Event "Annex CC Holiday Swiss 2010-11"]
[Site "Toronto CAN"]
[Date "2011.01.10"]
[Round "3"]
[White "Garcia, Lawrence"]
[Black "Wilker, Marcus"]
[Result "1-0"]
[WhiteElo "1500"]
[BlackElo "1700"]
[PlyCount "75"]
[EventDate "2010.12.13"]
[EventType "swiss"]
[EventRounds "5"]
[EventCountry "CAN"]

1. d4 Nf6 2. Nf3 e6 3. e3 b6 4. Bd3 Bb7 5. O-O c5 6. c4 cxd4 7. exd4 d5 8. cxd5
Nxd5 9. Nc3 Be7 10. Re1 Nd7 11. Be4 N7f6 12. Qa4+ Kf8 13. Qb3 Nxe4 14. Nxe4 h6
15. Bd2 Nf6 16. Nxf6 Bxf6 17. Rad1 Qd5 18. Qa3+ Kg8 19. Re3 Kh7 20. Rc3 Rhd8
21. Rc7 Kg8 22. h3 Rd7 23. Rc3 e5 24. dxe5 Bxe5 25. Re3 Bd4 26. Bc3 Bxe3 27.
Rxd5 Bxf2+ 28. Kxf2 Bxd5 29. Ne5 Rb7 30. Qb4 Re8 31. Qg4 f6 32. Ng6 Be4 33. Qh5
Rf7 34. h4 f5 35. Kg1 f4 36. Kh2 Bd5 37. Qg4 Bxa2 38. b4 1-0

[Event "Annex CC Holiday Swiss 2010-11"]
[Site "Toronto CAN"]
[Date "2011.01.10"]
[Round "3"]
[White "Manalo, Pepin"]
[Black "Ugodnikov, Arkadiy"]
[Result "0-1"]
[WhiteElo "1840"]
[BlackElo "1876"]
[PlyCount "78"]
[EventDate "2010.12.13"]
[EventType "swiss"]
[EventRounds "5"]
[EventCountry "CAN"]

1. d4 Nf6 2. Nc3 d5 3. g3 g6 4. Bg2 Bg7 5. Nf3 O-O 6. Bg5 c6 7. Qd2 Re8 8. Bh6
Bh8 9. Ne5 Nbd7 10. h3 Nh5 11. g4 Nxe5 12. dxe5 Ng7 13. O-O-O b5 14. e4 e6 15.
exd5 exd5 16. f4 Qa5 17. Kb1 Rb8 18. Rhe1 b4 19. Ne2 Be6 20. Nd4 Qb6 21. f5 Bd7
22. Bf4 Rbc8 23. fxg6 hxg6 24. Nf3 Ne6 25. Bg3 a5 26. Ng5 Nxg5 27. Qxg5 Qd8 28.
Qf4 Be6 29. h4 Qe7 30. Bf3 d4 31. Rd3 Rb8 32. g5 Bf5 33. h5 b3 34. Bd1 bxc2+
35. Bxc2 Bxd3 36. Bxd3 Qa3 37. Qd2 Rxb2+ 38. Qxb2 Qxd3+ 39. Ka1 Qxg3 0-1

[Event "Annex CC Holiday Swiss 2010-11"]
[Site "Toronto CAN"]
[Date "2011.01.10"]
[Round "3"]
[White "Zotkin, Daniel"]
[Black "Wiebe, Daniel"]
[Result "0-1"]
[WhiteElo "1698"]
[BlackElo "1810"]
[PlyCount "108"]
[EventDate "2010.12.13"]
[EventType "swiss"]
[EventRounds "5"]
[EventCountry "CAN"]

1. e4 c5 2. Nf3 d6 3. d4 cxd4 4. Nxd4 Nf6 5. Nc3 a6 6. Bg5 e6 7. f4 Be7 8. Qd2
h6 9. Bh4 Nxe4 10. Bxe7 Nxd2 11. Bxd8 Nxf1 12. Rxf1 Kxd8 13. O-O-O Ke7 14. Ne4
Rd8 15. Ne2 f5 16. N4c3 Nc6 17. Rfe1 b6 18. Ng3 Kf7 19. Rd2 g6 20. Red1 Ke7 21.
Re1 Kf7 22. Red1 d5 23. Nge2 g5 24. g3 Ra7 25. Na4 b5 26. Nc5 Rc7 27. a3 b4 28.
axb4 Nxb4 29. Nd3 Nxd3+ 30. Rxd3 Bd7 31. Ra3 Bb5 32. Nd4 Kf6 33. Nxb5 axb5 34.
Ra6 Rdc8 35. Rd2 Rc4 36. Re2 R8c6 37. Rxc6 Rxc6 38. Kd2 Rc4 39. Rf2 gxf4 40.
gxf4 Re4 41. Kd3 e5 42. fxe5+ Kxe5 43. c3 f4 44. Rf3 b4 45. Rh3 bxc3 46. bxc3
Kf5 47. Rh5+ Kg4 48. Rxd5 Re6 49. c4 f3 50. Rd4+ Kh3 51. Rf4 Kg2 52. h4 f2 53.
Rg4+ Kf3 54. Rg8 f1=Q+ 0-1

[Event "Annex CC Holiday Swiss 2010-11"]
[Site "Toronto CAN"]
[Date "2011.01.17"]
[Round "4"]
[White "Sametova, Zhanna"]
[Black "Manalo, Pepin"]
[Result "0-1"]
[WhiteElo "1555"]
[BlackElo "1840"]
[PlyCount "100"]
[EventDate "2010.12.13"]
[EventType "swiss"]
[EventRounds "5"]
[EventCountry "CAN"]

1. e4 c5 2. Nf3 d6 3. d4 cxd4 4. Nxd4 Nf6 5. Nc3 a6 6. Be2 g6 7. Be3 Bg7 8. f3
Qc7 9. Qd2 h5 10. O-O-O Nc6 11. Nb3 b5 12. Nd5 Nxd5 13. exd5 Ne5 14. Kb1 Nc4
15. Bxc4 bxc4 16. Nd4 Rb8 17. c3 Bd7 18. h3 h4 19. Rde1 Rh5 20. Bg5 f6 21. Qe2
Bf5+ 22. Nxf5 gxf5 23. Bf4 Rb5 24. Qe6 Kf8 25. Re2 Bh6 26. Bxh6+ Rxh6 27. Qxf5
Qb7 28. Rd1 a5 29. Rd4 Rc5 30. Qf4 Rh5 31. Rxc4 Qxd5 32. Rd4 Qc6 33. Rde4 Rh7
34. Qe3 e5 35. Qf2 Qb5 36. Rc2 Rc4 37. Rxc4 Qxc4 38. Qe2 Qc5 39. Qd3 Rg7 40.
Rd2 Ke7 41. Kc2 Ke6 42. Qe4 Qb5 43. Qxh4 a4 44. Qb4 Qc6 45. h4 d5 46. h5 f5 47.
Qf8 Qd7 48. h6 Rg6 49. Qc5 Rxh6 50. Qb6+ Qd6 0-1

[Event "Annex CC Holiday Swiss 2010-11"]
[Site "Toronto CAN"]
[Date "2011.01.18"]
[Round "4"]
[White "Ugodnikov, Arkadiy"]
[Black "Malmsten, Erik"]
[Result "0-1"]
[WhiteElo "1876"]
[BlackElo "1861"]
[PlyCount "78"]
[EventDate "2010.12.13"]
[EventType "swiss"]
[EventRounds "5"]
[EventCountry "CAN"]

1. e4 c6 2. d4 d5 3. f3 e6 4. Nc3 a6 5. Bf4 Nf6 6. Nge2 c5 7. exd5 Nxd5 8. Nxd5
exd5 9. c3 Nc6 10. Be3 Qb6 11. Qd2 Be6 12. g3 Be7 13. Bg2 O-O 14. O-O Rac8 15.
dxc5 Bxc5 16. Bxc5 Qxc5+ 17. Kh1 Rfd8 18. Rad1 Ne5 19. b3 h6 20. Rfe1 f6 21.
Nd4 Bd7 22. f4 Nc6 23. Ne6 Bxe6 24. Rxe6 d4 25. c4 b5 26. Qe2 d3 27. Rxd3 Nd4
28. Rxd4 Qxd4 29. Bd5 Rxd5 30. cxd5 Qxd5+ 31. Kg1 Rc1+ 32. Kf2 Rh1 33. Re8+ Kh7
34. Qe4+ Qxe4 35. Rxe4 Rxh2+ 36. Kf3 Rxa2 37. f5 Ra3 38. Re3 a5 39. Ke2 a4 0-1

[Event "Annex CC Holiday Swiss 2010-11"]
[Site "Toronto CAN"]
[Date "2011.01.17"]
[Round "4"]
[White "Wiebe, Daniel"]
[Black "Spiliotopoulos, Yakos"]
[Result "1-0"]
[WhiteElo "1810"]
[BlackElo "1546"]
[PlyCount "86"]
[EventDate "2010.12.13"]
[EventType "swiss"]
[EventRounds "5"]
[EventCountry "CAN"]

1. e4 g6 2. d4 Bg7 3. Nf3 d6 4. c4 Nd7 5. Nc3 c5 6. d5 Ngf6 7. Be2 O-O 8. O-O
a6 9. a4 Re8 10. Bg5 h6 11. Bh4 g5 12. Bg3 Nh5 13. Nd2 Nxg3 14. hxg3 Nf8 15. f4
e6 16. Bh5 gxf4 17. gxf4 Bd4+ 18. Rf2 Qh4 19. Qg4+ Ng6 20. Qxh4 Nxh4 21. g3 Ng6
22. Nf3 Bxf2+ 23. Kxf2 Ne7 24. e5 exd5 25. exd6 d4 26. Ne4 Nf5 27. Nf6+ Kf8 28.
d7 Rd8 29. dxc8=Q Raxc8 30. Ne5 Rc7 31. Nd5 Rxd5 32. cxd5 f6 33. Nc4 b5 34.
axb5 axb5 35. d6 Rd7 36. Bg4 bxc4 37. Bxf5 Rxd6 38. Rc1 Rb6 39. Rc2 Ke7 40. Kf3
Kd6 41. Bg6 Rb3+ 42. Kf2 Ke6 43. Re2+ Kd6 1-0

[Event "Annex CC Holiday Swiss 2010-11"]
[Site "Toronto CAN"]
[Date "2011.01.17"]
[Round "4"]
[White "Wilker, Marcus"]
[Black "Zhou, Qiyu"]
[Result "0-1"]
[WhiteElo "1736"]
[BlackElo "1619"]
[PlyCount "83"]
[EventDate "2010.12.13"]
[EventType "swiss"]
[EventRounds "5"]
[EventCountry "CAN"]

1. d4 Nf6 2. c4 e6 3. Nc3 Bb4 4. Qc2 c5 5. e3 Nc6 6. Nf3 O-O 7. a3 Bxc3+ 8.
bxc3 b6 9. e4 d5 10. e5 Nd7 11. Ng5 g6 12. cxd5 exd5 13. Bb5 Bb7 14. O-O Re8
15. f4 Ne7 16. f5 Bc6 17. fxg6 fxg6 18. Qd3 Rf8 19. Qh3 Rxf1+ 20. Bxf1 Nf8 21.
Nxh7 Nxh7 22. Qe6+ Kh8 23. Qh3 Qf8 24. Bd3 Nf5 25. Bf4 Bd7 26. Rf1 Qe7 27. g4
Qh4 28. Qf3 Ne7 29. h3 Be6 30. Qe3 c4 31. Be2 g5 32. Bg3 Qh6 33. h4 Rg8 34. h5
Rf8 35. Rb1 Qg7 36. Rb5 Nc6 37. Rb2 Qd7 38. Bd1 Bxg4 39. Ba4 Rf3 40. e6 Rxe3
41. Be5+ Nxe5 42. dxe5 0-1

[Event "April TNT"]
[Site "Winnipeg CAN"]
[Date "2010.04.06"]
[Round "1"]
[White "Babb, Jeff"]
[Black "Green, Jim"]
[Result "1-0"]
[WhiteElo "2134"]
[BlackElo "1768"]
[PlyCount "61"]
[EventDate "2010.04.06"]
[EventType "swiss"]
[EventRounds "4"]
[EventCountry "CAN"]

1. f4 d5 2. e3 Nf6 3. Nf3 Bg4 4. h3 Bxf3 5. Qxf3 e6 6. b3 Ne4 7. Rg1 Be7 8. Bb2
Bf6 9. c3 Bh4+ 10. g3 Bxg3+ 11. Kd1 Bh4 12. Rxg7 Bf6 13. Rg2 Nd7 14. d3 Nd6 15.
Nd2 Nf5 16. Rg1 c6 17. Kc2 Qb6 18. Re1 O-O-O 19. Kb1 a5 20. d4 a4 21. Bd3 Nh4
22. Qh5 Ng6 23. b4 Bh4 24. Ref1 Nf6 25. Qd1 Ne7 26. Nf3 Ng6 27. Qxa4 Ne4 28.
Bxe4 dxe4 29. Nxh4 Nxh4 30. Rg7 f5 31. Qa8# 1-0

[Event "April TNT"]
[Site "Winnipeg CAN"]
[Date "2010.04.06"]
[Round "1"]
[White "Boron, Anthony"]
[Black "Ott, Richard"]
[Result "1-0"]
[WhiteElo "2040"]
[BlackElo "1613"]
[PlyCount "73"]
[EventDate "2010.04.06"]
[EventType "swiss"]
[EventRounds "4"]
[EventCountry "CAN"]

1. Nf3 c5 2. c4 Nc6 3. Nc3 g6 4. g3 Bg7 5. Bg2 e6 6. O-O Nge7 7. d3 d5 8. Bg5
Qb6 9. Qb3 Qxb3 10. axb3 Nb4 11. Na4 Nec6 12. Nxc5 h6 13. Bc1 b6 14. Na4 Bb7
15. Nc3 Nc2 16. Rb1 N6d4 17. Nxd4 Nxd4 18. cxd5 O-O-O 19. dxe6 Nxe6 20. Be3
Bxg2 21. Kxg2 g5 22. Rfc1 Kb7 23. Ra1 f5 24. Ra2 f4 25. Bd2 fxg3 26. hxg3 Nc5
27. Ra3 g4 28. Rca1 a5 29. Be3 Na6 30. Rh1 Nb4 31. Rh5 Nc2 32. Ra4 Nxe3+ 33.
fxe3 Rhf8 34. Rxg4 Rf7 35. Rf4 Rc7 36. Na4 Ka6 37. Rhf5 1-0

[Event "April TNT"]
[Site "Winnipeg CAN"]
[Date "2010.04.06"]
[Round "1"]
[White "Crawford, Gary"]
[Black "Rutter, Blair"]
[Result "0-1"]
[WhiteElo "1422"]
[BlackElo "1856"]
[PlyCount "70"]
[EventDate "2010.04.06"]
[EventType "swiss"]
[EventRounds "4"]
[EventCountry "CAN"]

1. e4 e6 2. d4 d5 3. Nc3 Nf6 4. Bg5 Be7 5. e5 Nfd7 6. Bxe7 Qxe7 7. a3 a6 8. f4
c5 9. Nf3 Nc6 10. Qd2 O-O 11. O-O-O b5 12. dxc5 Nxc5 13. Nd4 Bd7 14. g4 f6 15.
exf6 Qxf6 16. Nxc6 Bxc6 17. Ne2 Rac8 18. Bg2 Bb7 19. Kb1 Na4 20. Qd4 Qg6 21. f5
exf5 22. Bxd5+ Bxd5 23. Qxd5+ Kh8 24. gxf5 Rxf5 25. Qd8+ Rf8 26. Qd3 Qf6 27.
Qd4 Qe7 28. Ng3 Qc7 29. Qd3 Qe5 30. c3 Qe6 31. Qd6 Qb3 32. Qxf8+ Rxf8 33. Rd2
Nxc3+ 34. Kc1 Nd5 35. Rhd1 Nf6 0-1

[Event "April TNT"]
[Site "Winnipeg CAN"]
[Date "2010.04.06"]
[Round "1"]
[White "Green, Aaron"]
[Black "Evans, Brian"]
[Result "1-0"]
[WhiteElo "1972"]
[BlackElo "1556"]
[PlyCount "51"]
[EventDate "2010.04.06"]
[EventType "swiss"]
[EventRounds "4"]
[EventCountry "CAN"]

1. e4 c5 2. Nf3 d6 3. d4 cxd4 4. Nxd4 Nf6 5. Nc3 a6 6. Be2 e6 7. a4 Be7 8. f4
Qc7 9. Be3 Nc6 10. Nb3 b6 11. O-O O-O 12. Bf3 Bb7 13. Qe2 Rad8 14. Qf2 Rd7 15.
Bxb6 Qb8 16. g4 Rc8 17. g5 Ne8 18. h4 Bd8 19. Be3 Nb4 20. Rac1 f5 21. exf5 Bxf3
22. fxe6 Re7 23. Qxf3 Rxe6 24. Nd4 Re7 25. Nd5 Rb7 26. Nxb4 1-0

[Event "April TNT"]
[Site "Winnipeg CAN"]
[Date "2010.04.06"]
[Round "1"]
[White "Greenberg, Harley"]
[Black "Lipnowski, Samuel"]
[Result "0-1"]
[WhiteElo "1774"]
[BlackElo "2232"]
[PlyCount "96"]
[EventDate "2010.04.06"]
[EventType "swiss"]
[EventRounds "4"]
[EventCountry "CAN"]

1. e4 c5 2. Nf3 d6 3. d4 cxd4 4. Nxd4 Nf6 5. Nc3 g6 6. Be2 Bg7 7. Be3 O-O 8.
O-O Nc6 9. f4 Qb6 10. Qd2 Nxe4 11. Nxe4 Bxd4 12. Bxd4 Qxd4+ 13. Qxd4 Nxd4 14.
Bd3 Bf5 15. c3 Nc6 16. Rae1 d5 17. Nf2 Bxd3 18. Nxd3 e6 19. g4 Rae8 20. Re2 Re7
21. Rfe1 Rfe8 22. Kf2 f6 23. Nc5 e5 24. f5 d4 25. cxd4 Nxd4 26. Rd2 gxf5 27.
gxf5 Nxf5 28. Ne4 Kf7 29. Red1 b6 30. Kf3 Rg8 31. Nf2 Nd4+ 32. Ke4 f5+ 33. Ke3
Rg2 34. Ne4 Rxd2 35. Nxd2 Rc7 36. Kd3 Rd7 37. Ke3 Nc2+ 38. Ke2 e4 39. Rf1 Ke6
40. Nc4 b5 41. Nd2 Ke5 42. Nb3 Nd4+ 43. Nxd4 Rxd4 44. Rg1 Rc4 45. Kd2 Kd4 46.
Rg7 e3+ 47. Kd1 Kd3 48. Rxh7 e2+ 0-1